000 00617nam a22002417a 4500
003 UA-OsUOA
001 22718
007 ta
008 20031224b un ||||| |||| 00| 0 ukr d
100 _aБулл-Хансен Ауд
090 _a241.7
_bБ90
942 _cBK
040 _aUA-OsUOA
_bukr
_cUA-OsUOA
_dUA-OsUOA
245 _aПастир Добрий
300 _a88 с.
955 _a0
041 _aukr
080 _a241.7
260 _aКиїв
_bВидання Союзу Християн Віри Євангельскої України
_c1993
044 _aUA
650 7 _2UDC
999 _c308946
_d308946